NOSOTROS Y PUEBLO NUEVO 82 /

Na minha lista:
Detalhes bibliográficos
Autor Corporativo: Iglesia Católica. Diócesis de Ciudad Guzmán
Formato: Livro
Assuntos:
Tags: Adicionar Tag
Sem tags, seja o primeiro a adicionar uma tag!

MARC

LEADER 00000nam^a2200000^a^4500
001 000246329
005 20250521000000.0
009 20260310105532.767
035 |a 036955 
037 |a Acervo Xavier Clavigero 
082 |a 253. NOS 
110 |a Iglesia Católica.  |b Diócesis de Ciudad Guzmán 
245 1 0 |a NOSOTROS Y PUEBLO NUEVO 82 /  |c DIOCESIS DE CIUDAD GUZMAN 
264 |a Zapotlán el Grande, México :  |b DIOCESIS DE CIUDAD GUZMAN,  |c 1983 
300 |a 34 p. 
336 |a texto  |b txt  |2 rdacontenido 
337 |a sin mediación  |b n  |2 rdamedio 
338 |a volumen  |b nc  |2 rdasoporte 
649 |a XX 
650 |a Teología Pastoral 
650 |a Zapotlán el Grande, Jalisco (Diócesis) 
910 |a Fondo General 
920 |a Impresos - Libros 
930 |a Colección General 
905 |a 101 
901 |a 036955  |b IT1  |c ACC  |i 036955  |u 20250521 
902 |a https://opac.biblio.iteso.mx/vufind/Record/000246329